00725nam a2200145 a 450000100100000000500170001000800410002704000250006811101430009324501200023626001300035630000190048650000440050570000300054900002987520200930055855.0110426s1990 dr 000 0 spa d aDO-SdBNPbspacBNPHU1 aCongreso internacional de de la Asociación de Lingüística y Filología de América Latinad(1989:cSanto Domingon7a : 6 octubre )10aApuntes para la historia de los estudios lingüísticos en la República Dominicana /cRafael González Tirado. aSanto Domingo :bPublicación de la Asociación de lingüística y Filología de América Latina,c1990.fEditora Gente a8 p. ;c22 cm. aEn homenaje a Pedro Henríquez Ureña1 aGonzález Tirado, Rafael